000 00451nmm a2200145Ia 4500
008 251105s9999||||xx |||||||||||||||||und||
041 _aspa
100 _aZárate Campos, María Soledad
245 0 _aDar a luz en Chile, siglo XIX
264 _a[Santiago de Chile, Chile] :
_bEdiciones Universidad Alberto Hurtado,
_c2007
300 _a547 páginas
650 _aMedicine
856 _uhttps://public.digitaliapublishing.com/a/23693
942 _cCF
999 _c104257
_d104257